书目信息 |
| 题名: |
国家教师资格考试专用教材
|
|
| 作者: | ;粉笔教师 编著 | |
| 分册: | 解析 信息技术学科知识与教学能力 | |
| 出版信息: | 北京 电子工业出版社 2021 |
|
| 页数: | 63页 | |
| 开本: | 26cm | |
| 丛书名: | ||
| 单 册: | ||
| 中图分类: | G451.1 , G633.672 | |
| 科图分类: | ||
| 主题词: | 教师--资格考试--教材 , 计算机课--教学法--高中--中学教师--资格考试--教材 | |
| 电子资源: | ||
| ISBN: | 978-7-121-39452-2 | |
| 000 | 01023nam0 2200253 45 | |
| 001 | 012001003470 | |
| 005 | 20141205112140.0 | |
| 010 | @a978-7-121-39452-2@dCNY29.00 | |
| 100 | @a20220905d2021 em y0chiy50 ea | |
| 101 | 0 | @achi |
| 102 | @aCN@b110000 | |
| 105 | @aa z 000yy | |
| 106 | @ar | |
| 200 | 1 | @a国家教师资格考试专用教材@Aguo jia jiao shi zi ge kao shi zhuan yong jiao cai@i信息技术学科知识与教学能力@i高中@h解析@f粉笔教师编著@FFen Bi Jiao Shi Bian Zhu@PFBJSBZ |
| 210 | @a北京@c电子工业出版社@d2021 | |
| 215 | @a63页@c图@d26cm@e1题本(83页)@e1解析(63页) | |
| 330 | @a本书分为信息技术学科知识、信息技术教育教学知识两部分,内容包括:信息技术基础、计算机系统基础、办公软件、多媒体技术、计算机网络技术、信息安全、算法与程序简介、数据库技术等。 | |
| 606 | 0 | @a教师@x资格考试@j教材 |
| 606 | 0 | @a计算机课@x教学法@x高中@x中学教师@x资格考试@j教材 |
| 690 | @aG451.1@v5 | |
| 690 | @aG633.672@v5 | |
| 711 | 02 | @a粉笔教师@Afen bi jiao shi@4编著 |
| 801 | 0 | @aCN@bAHXH@c20221111 |
| 905 | @b1377974-8@dG451.1@e574@f5 | |
| 国家教师资格考试专用教材.信息技术学科知识与教学能力.高中.解析/粉笔教师编著.-北京:电子工业出版社,2021 |
| 63页:图;26cm+1题本(83页)+1解析(63页) |
| ISBN 978-7-121-39452-2:CNY29.00 |
| 本书分为信息技术学科知识、信息技术教育教学知识两部分,内容包括:信息技术基础、计算机系统基础、办公软件、多媒体技术、计算机网络技术、信息安全、算法与程序简介、数据库技术等。 |
| ● |
| 相关链接 |
|
|
|
|
正题名:国家教师资格考试专用教材
索取号:G451.1/574
 
预约/预借
| 序号 | 登录号 | 条形码 | 馆藏地/架位号 | 状态 | 备注 |
| 1 | 1377974 | 213779749 | 第一样本阅览室/ [索取号:G451.1/574] | 在馆 | |
| 2 | 1377975 | 213779758 | 教育系资料室/ [索取号:G451.1/574] | 在馆 | |
| 3 | 1377976 | 213779767 | 教育系资料室/ [索取号:G451.1/574] | 在馆 | |
| 4 | 1377977 | 213779776 | 第四借阅区/ [索取号:G451.1/574] | 在馆 | |
| 5 | 1377978 | 213779785 | 第四借阅区/ [索取号:G451.1/574] | 在馆 |